000 00492nam a2200169Ia 4500
999 _c1301
_d1301
003 OSt
005 20200924141642.0
008 190216s9999||||xx |||||||||||||| ||und||
040 _coclc
082 _a581.4
_bEAM/M
100 _aEames, Arthur J
_94812
245 0 _aMorphology Of Vascular Plants /
_cArthur J Eames
260 _bTata Mcgraw -hill Publishing,
_c1936.
_aNew Delhi:
300 _a433p
650 _aBotany
942 _cBK
_2ddc
_h581.4
_iEAM/M
_k581.4
_mEAM/M